Les Pokémon de la Première Génération dans l'ordre - Statistiques

Statistiques générales
  • Ce quiz a été pris 126 fois
  • Le résultat moyen est 93 sur 151
Statistiques - réponses
# Nom % Correct
0001 Bulbizarre
100%
0008 Carabaffe
100%
0007 Carapuce
100%
0006 Dracaufeu
100%
0003 Florizarre
100%
0002 Herbizarre
100%
0005 Reptincel
100%
0004 Salamèche
100%
0009 Tortank
100%
0012 Papilusion
97%
0013 Aspicot
94%
0010 Chenipan
94%
0011 Chrysacier
94%
0014 Coconfort
94%
0015 Dardargnan
90%
0021 Piafabec
90%
0019 Rattata
90%
0020 Rattatac
90%
0018 Roucarnage
90%
0016 Roucool
90%
0017 Roucoups
90%
0023 Abo
87%
0024 Arbok
87%
0025 Pikachu
87%
0026 Raichu
87%
0022 Rapasdepic
87%
0027 Sabelette
87%
0028 Sablaireau
87%
0038 Feunard
84%
0037 Goupix
84%
0040 Grodoudou
84%
0036 Mélodelfe
84%
0035 Mélofée
84%
0034 Nidoking
84%
0031 Nidoqueen
84%
0029 Nidoran femelle
84%
0032 Nidoran mâle
84%
0030 Nidorina
84%
0033 Nidorino
84%
0039 Rondoudou
84%
0043 Mystherbe
81%
0042 Nosferalto
81%
0041 Nosferapti
81%
0044 Ortide
81%
0045 Rafflésia
81%
0049 Aéromite
74%
0048 Mimitoss
74%
0046 Paras
74%
0047 Parasect
74%
0063 Abra
68%
0065 Alakazam
68%
0064 Kadabra
68%
0066 Machoc
68%
0067 Machopeur
68%
0068 Mackogneur
68%
0052 Miaouss
68%
0053 Persian
68%
0055 Akwakwak
65%
0054 Psykokwak
65%
0059 Arcanin
61%
0058 Caninos
61%
0057 Colossinge
61%
0056 Férosinge
61%
0060 Ptitard
61%
0062 Tartard
61%
0050 Taupiqueur
61%
0061 Têtarte
61%
0051 Triopikeur
61%
0070 Boustiflor
58%
0069 Chétiflor
58%
0071 Empiflor
58%
0075 Gravalanch
55%
0076 Grolem
55%
0151 Mew
55%
0150 Mewtwo
55%
0074 Racaillou
55%
0072 Tentacool
55%
0073 Tentacruel
55%
0144 Artikodin
52%
0148 Draco
52%
0149 Dracolosse
52%
0145 Electhor
52%
0147 Minidraco
52%
0146 Sulfura
52%
0139 Amonistar
48%
0138 Amonita
48%
0134 Aquali
48%
0125 Elektek
48%
0133 Evoli
48%
0140 Kabuto
48%
0141 Kabutops
48%
0130 Léviator
48%
0129 Magicarpe
48%
0126 Magmar
48%
0137 Porygon
48%
0142 Ptéra
48%
0136 Pyroli
48%
0143 Ronflex
48%
0128 Tauros
48%
0135 Voltali
48%
0094 Ectoplasma
45%
0092 Fantominus
45%
0078 Galopa
45%
0123 Insécateur
45%
0124 Lippoutou
45%
0131 Lokhlass
45%
0132 Métamorph
45%
0122 M. Mime
45%
0103 Noadkoko
45%
0102 Noeunoeuf
45%
0105 Ossatueur
45%
0104 Osselait
45%
0118 Poissirène
45%
0119 Poissoroy
45%
0077 Ponyta
45%
0114 Saquedeneu
45%
0093 Spectrum
45%
0120 Stari
45%
0121 Staross
45%
0101 Electrode
42%
0097 Hypnomade
42%
0117 Hypocéan
42%
0116 Hypotrempe
42%
0115 Kangourex
42%
0099 Krabboss
42%
0098 Krabby
42%
0113 Leveinard
42%
0081 Magnéti
42%
0082 Magnéton
42%
0111 Rhinocorne
42%
0112 Rhinoféros
42%
0127 Scarabrute
42%
0100 Voltorbe
42%
0083 Canarticho
39%
0091 Crustabri
39%
0085 Dodrio
39%
0084 Doduo
39%
0080 Flagadoss
39%
0090 Kokiyas
39%
0087 Lamantine
39%
0095 Onix
39%
0086 Otaria
39%
0079 Ramoloss
39%
0096 Soporifik
39%
0089 Grotadmorv
35%
0106 Kicklee
35%
0109 Smogo
35%
0110 Smogogo
35%
0088 Tadmorv
35%
0107 Tygnon
35%
0108 Excelangue
32%
Aucun quiz correspondant
Distribution des résultats
% des personnes avec chaque résultat
Percentile par nombre de réponses
Votre historique - résultats
Vous n’avez pas pris ce quiz